Statistics for U.S. General Knowledge #7

Click here to take the quiz!

General Stats

  • This quiz has been taken 5,562 times
  • The average score is 11 of 20

Answer Stats

Question Answer % Correct
What street do Bert and Ernie live on?Sesame Street
90%
Whose trial featured the quote "If the glove doesn't fit, you must acquit"?O.J. Simpson's
81%
Who founded O magazine?Oprah Winfrey
80%
What came to an end in Appomattox Court House, Virginia?The Civil War
70%
Complete the John F. Kennedy Quote: "Ich Bin Ein ......"Berliner
67%
What city is Delta Airlines headquartered in?Atlanta
66%
What 1954 Supreme Court case made school segregation illegal?Brown v. Board of
Education
64%
Who, according to the Chicago Tribune, did Thomas Dewey defeat in 1948?Harry S Truman
61%
Who played Uncle Jesse on the show "Full House"?John Stamos
60%
What gemstone has a blue-green color and is common in the Southwest United States?Turquoise
57%
Who appears on the front of the $2 bill?Thomas Jefferson
54%
What politician famously added the letter "e" to the spelling of potato?Dan Quayle
53%
Who is He-Man's twin sister?She-Ra
52%
What syndrome did Corky have on the show "Life Goes On"?Down Syndrome
48%
Who hosted the show "No Reservations" on the Travel Channel?Anthony Bourdain
48%
What Native American warrior is the subject of an unfinished outdoor sculpture
that dwarfs Mount Rushmore?
Crazy Horse
42%
What brand's slogan is "when it rains, it pours"?Morton Salt
40%
What type of moss typically grows on Live Oak and Cypress trees?Spanish Moss
35%
Fill the blank in the quote: Will it ____ in Peoria?Play
29%
What South Dakota drug store is advertised on road signs for hundreds
of miles in either direction?
Wall Drug
26%

Score Distribution

Percentile by Number Answered

Percent of People with Each Score

Your Score History

You have not taken this quiz